000
00211 a2200097 4500
001
53393
100
_a
Bagley, D
245
_a
Bahama Crises
260
_a
G Britain
_b
William & Cothins
_c
090
_c
33641
_d
33641
942
_a
NUST-CAE
_c
M
_c
26271
999
_c
288466
_d
288466